|
|
|
|
| LEADER |
00000nab a2200000uu 4500 |
| 001 |
vtls011149370 |
| 003 |
SK-MaSNL |
| 005 |
20260303111732.0 |
| 008 |
230121|1996 xo |||||||||||||||||slo| |
| 015 |
|
|
|a SNBRB
|
| 035 |
|
|
|a (urnnbn)urn:nbn:sk:snk:ar-a09yqg
|
| 035 |
|
|
|a (uuid)9b21d2ce-19c2-4a8a-ad98-08c30f03dfdb
|
| 035 |
|
|
|a urn:nbn:sk:snk-abaz9n
|
| 040 |
|
|
|a SNKBUCL
|b slo
|c SNKBUCL
|e AACR2
|
| 041 |
0 |
|
|a slo
|
| 044 |
|
|
|a xo
|c SK
|
| 100 |
1 |
|
|a Čumová, Dagmar
|4 aut
|9 707535
|
| 245 |
1 |
0 |
|a ENVIRONMENTÁLNE POSÚDENIE MOŽNOSTÍ VODÁRENSKÉHO VYUŽITIA POVODIA HORNEJ TORYSY
|c Dagmar Čumová
|
| 773 |
0 |
|
|t Vodohospodársky spravodajca
|g Roč. 39, č. 4 (1996), s. 17-18
|
| 954 |
|
|
|a odborná, vedecká literatúra pôvodná (slovenská)
|2 lita
|
| 958 |
|
|
|a OND
|
| 958 |
|
|
|a EUIPO
|
| 958 |
|
|
|a article14
|
| 999 |
|
|
|c 1879331
|d 1881261
|